Welcome to the Holygrace Academy Library

Please use search bar below to get started

BEST GHOST STORIES - II (Record no. 285)

MARC details
000 -LEADER
fixed length control field 00311nam a22001337a 4500
020 ## - INTERNATIONAL STANDARD BOOK NUMBER
ISBN 9788178263403
082 ## - DEWEY DECIMAL CLASSIFICATION NUMBER
Classification number 823
Item number CLA/B
100 ## - MAIN ENTRY--AUTHOR NAME
Personal name CHARLES DICKENS
245 ## - TITLE STATEMENT
Title BEST GHOST STORIES - II
260 ## - PUBLICATION, DISTRIBUTION, ETC. (IMPRINT)
Place of publication DELHI
Name of publisher ROHAN BOOK COMPANY
Year of publication 2003
300 ## - PHYSICAL DESCRIPTION
Number of Pages 223
650 ## - SUBJECT ADDED ENTRY--TOPICAL TERM
Topical Term MODERN ILLUSTRATED CLASSICS
942 ## - ADDED ENTRY ELEMENTS (KOHA)
Koha item type Books
Holdings
Withdrawn status Lost status Collection code Home library Current library Shelving location Date acquired Source of acquisition Cost, normal purchase price Full call number Accession Number Koha item type
    Fiction Main Library Main Library On Display 02/06/2009 purchase 35.00 823 CLA/B 04679 Books
    Fiction Main Library Main Library On Display 28/10/2006 purchase 30.00 823 CLA/B 02472 Books